Nordic Glass 2000 (Record no. 10973)

MARC details
000 -CABECERA
campo de control de longitud fija 01594nam a22003977a 4500
001 - NÚMERO DE CONTROL
campo de control BRCA_9351
003 - IDENTIFICADOR DEL NÚMERO DE CONTROL
campo de control FranzMayer
005 - FECHA Y HORA DE LA ÚLTIMA TRANSACCIÓN
campo de control 20230918121937.0
008 - DATOS DE LONGITUD FIJA--INFORMACIÓN GENERAL
campo de control de longitud fija 230828b |||||||| |||| 00| 0 eng d
020 ## - NÚMERO INTERNACIONAL ESTÁNDAR DEL LIBRO
Número Internacional Estándar del Libro 8798810308
040 ## - FUENTE DE LA CATALOGACIÓN
Centro catalogador/agencia de origen MFM
Lengua de catalogación español
Centro/agencia transcriptor MFM
050 #0 - SIGNATURA TOPOGRÁFICA DE LA BIBLIOTECA DEL CONGRESO
Número de clasificación NK5100.E853
Número de documento/Ítem G53 2000
110 1# - ENTRADA PRINCIPAL--NOMBRE DE ENTIDAD CORPORATIVA
Código de función/relación Responsable
Nombre de entidad corporativa o nombre de jurisdicción como elemento de entrada Glass Without Boundaries
9 (RLIN) 29277
240 ## - TÍTULO UNIFORME
Título uniforme Nordic Glass 2000
Lenguaje de la obra Danes, Sueco, Noruego, Letón e Inglés
245 0# - MENCIÓN DE TÍTULO
Título Nordic Glass 2000
260 ## - PUBLICACIÓN, DISTRIBUCIÓN, ETC.
Lugar de publicación, distribución, etc. Noruega
Nombre del editor, distribuidor, etc. Glass Without Boundaries
Fecha de publicación, distribución, etc. 2000
300 ## - DESCRIPCIÓN FÍSICA
Extensión 274 p
Otras características físicas Ilustraciones a color
Dimensiones 26 cm
500 ## - NOTA GENERAL
Nota general Anexo 1
500 ## - NOTA GENERAL
Nota general Libro en tapa dura, sin ninguna cubierta exterior
505 ## - NOTA DE CONTENIDO CON FORMATO
Nota de contenido con formato Texto en: Danes, Sueco, Noruego, Letón e InglésIncluye índice temático Incluye biografía de las obras seleccionadasDirigido a: artistas y diseñadores
650 1# - PUNTO DE ACCESO ADICIONAL DE MATERIA--TÉRMINO DE MATERIA
Fuente del encabezamiento o término Artes decorativas y aplicativas
Término de materia o nombre geográfico como elemento de entrada Artes ornamentales
Subdivisión de forma Vidrio
9 (RLIN) 29278
651 ## - PUNTO DE ACCESO ADICIONAL DE MATERIA--NOMBRE GEOGRÁFICO
Fuente del encabezamiento o término Europa
Nombre geográfico Europa Septentrional
Subdivisión de forma Países nórdicos
9 (RLIN) 29279
700 1# - PUNTO DE ACCESO ADICIONAL--NOMBRE DE PERSONA
Código de función/relación Artista
Nombre de persona Saare, Mare
9 (RLIN) 29280
700 1# - PUNTO DE ACCESO ADICIONAL--NOMBRE DE PERSONA
Código de función/relación Artista
Nombre de persona Koha, Eve
9 (RLIN) 29281
700 1# - PUNTO DE ACCESO ADICIONAL--NOMBRE DE PERSONA
Código de función/relación Artista
Nombre de persona Schroderus, Anna
9 (RLIN) 29282
700 1# - PUNTO DE ACCESO ADICIONAL--NOMBRE DE PERSONA
Código de función/relación Artista
Nombre de persona Ikävalko, Liisa
9 (RLIN) 29283
700 1# - PUNTO DE ACCESO ADICIONAL--NOMBRE DE PERSONA
Código de función/relación Artista
Nombre de persona Kekäläinen, Päivi
9 (RLIN) 29284
700 1# - PUNTO DE ACCESO ADICIONAL--NOMBRE DE PERSONA
Código de función/relación Artista
Nombre de persona Audere, Inguna
9 (RLIN) 29285
700 1# - PUNTO DE ACCESO ADICIONAL--NOMBRE DE PERSONA
Código de función/relación Artista
Nombre de persona Martinsone, Ilze
9 (RLIN) 29286
700 1# - PUNTO DE ACCESO ADICIONAL--NOMBRE DE PERSONA
Código de función/relación Artista
Nombre de persona Dudina, Ilze
9 (RLIN) 29287
700 1# - PUNTO DE ACCESO ADICIONAL--NOMBRE DE PERSONA
Código de función/relación Artista
Nombre de persona Kogelyté. Raimonda
9 (RLIN) 29288
700 1# - PUNTO DE ACCESO ADICIONAL--NOMBRE DE PERSONA
Código de función/relación Artista
Nombre de persona Komkaite, Egle
9 (RLIN) 29289
700 1# - PUNTO DE ACCESO ADICIONAL--NOMBRE DE PERSONA
Código de función/relación Artista
Nombre de persona Ulleberg, Kari
9 (RLIN) 29290
700 1# - PUNTO DE ACCESO ADICIONAL--NOMBRE DE PERSONA
Código de función/relación Artista
Nombre de persona Gaustad, Randi
9 (RLIN) 29291
942 ## - ELEMENTOS DE PUNTO DE ACCESO ADICIONAL (KOHA)
Fuente del sistema de clasificación o colocación Library of Congress Classification
Tipo de ítem Koha Libros
Holdings
Estado de retiro Estado de pérdida Fuente del sistema de clasificación o colocación Estado dañado No para préstamo Código de colección Localización permanente Ubicación/localización actual Fecha de adquisición Total de préstamos Signatura topográfica completa Código de barras Fecha visto por última vez Precio válido a partir de Tipo de ítem Koha
El ejemplar forma parte de la colección y puede ser consultado según las políticas vigentes.   Library of Congress Classification     Fondo Contemporáneo Biblioteca del Museo Franz Mayer (Rogerio Casas-Alatriste) Biblioteca del Museo Franz Mayer (Rogerio Casas-Alatriste) 28/08/2023   NK5100.E853 G53 2000 CONT10109 28/08/2023 28/08/2023 Libros